Statistiques concernant Culture Générale - Série 2350

Cliquez ici pour prendre le quiz!

Statistiques générales

  • Ce quiz a été pris 113 fois
  • Le résultat moyen est 4 sur 10

Statistiques - réponses

QuestionRéponse% Correct
Dans quel département français se trouve la commune de Megève ?Haute-Savoie
68%
Dans la cuisine italienne, comment appelle-t-on les hors-d'oeuvre ?antipasti
63%
Dans quel pays européen se trouve la ville de Graz ?Autriche
59%
Avec la viande de quel animal prépare-t-on la gardiane ?taureau
54%
Comment se nomme le psychanalyste le plus renommé après Freud, prénommé Jacques (1901-1981) ?Lacan
43%
Sous quel nom connaissait-on mieux la romancière Anne-Louise-Germaine Necker (1766-1817) ? voir photoMadame de Staël
24%
Passage étroit et encaissé se situant généralement dans un port ou une rade - souvent associé avec le mot étranglement.goulet
22%
Type de tire-bouchon intégrant un décapsuleur - 10 lettres commençant par " l "limonadier
21%
Selon la petite histoire, qu'aurait inventé l'agricultrice Marie Harel (1761-1844) ?camembert
20%
Caractère, situation de ce qu'on met au premier rang - 8 lettres commençant par " p "primauté
5%

Distribution des résultats

Percentile par nombre de réponses

% des personnes avec chaque résultat

Votre développement - résultats

Vous n’avez pas pris ce quiz